LEADER 00526nab a2200145 i 4500 001 000000319043 003 CaOOAMICUS 005 20180831173259.0 008 180831n xx uu u0 0mul r 013 $a28666 040 $aSeMil$bita 245 10$aBiografia e bibliografia di P. Luis Jorge González. 700 1 $aGonzález, Luis Jorge .$0(OLS)http://semarc/name/74089 773 0 $t[vedi periodico].$gp.[343]-365$w()276807 996 $6245$aBiografia e bibliografia di P. Luis Jorge González.$9(OLS)http://semarc/title/392838 LEADER 00607nas a2200169 i 4500 001 000000007988 003 CaOOAMICUS 005 20180830125439.0 008 180830n it u0 ita u 040 $aSeMil$bita 245 10$aSentir e meditar. 260 $aMilano :$bPaoline,$c[19--] 300 $av. ;$c23 cm. 774 0 $aManzoni, Alessandro <1785-1873>$tOpera omnia.$dMilano : Paoline, 1967.$w()7987 774 0 $aManzoni, Alessandro <1785-1873>$tScritti di estetica.$w()7989 996 $6245$aSentir e meditar$9(OLS)http://semarc/title/10632 996 $6260$aMilano :$bPaoline$9(OLS)http://semarc/publisher/29684